header

Real estate law / (Record no. 251214)

MARC details
000 -LEADER
fixed length control field 01503cam a2200385 a 4500
001 - CONTROL NUMBER
control field 15082741
003 - CONTROL NUMBER IDENTIFIER
control field OSt
005 - DATE AND TIME OF LATEST TRANSACTION
control field 20151111135133.0
008 - FIXED-LENGTH DATA ELEMENTS--GENERAL INFORMATION
fixed length control field 071116s2008 ohuak c 001 0 eng d
010 ## - LIBRARY OF CONGRESS CONTROL NUMBER
LC control number 2007941576
020 ## - INTERNATIONAL STANDARD BOOK NUMBER
International Standard Book Number 0324655207
International Standard Book Number 9780324655209
035 ## - SYSTEM CONTROL NUMBER
System control number (OCoLC)ocn227700433
040 ## - CATALOGING SOURCE
Original cataloging agency BWX
Transcribing agency BWX
Modifying agency OCLCQ
-- YDXCP
-- BAKER
-- ViBlbV
-- DLC
042 ## - AUTHENTICATION CODE
Authentication code lccopycat
043 ## - GEOGRAPHIC AREA CODE
Geographic area code n-us---
050 00 - LIBRARY OF CONGRESS CALL NUMBER
Classification number KF665
Item number .S53 2008
082 04 - DEWEY DECIMAL CLASSIFICATION NUMBER
Classification number 343.7302
100 1# - MAIN ENTRY--PERSONAL NAME
Personal name Aalberts, Robert J.
245 10 - TITLE STATEMENT
Title Real estate law /
Statement of responsibility, etc Robert J. Aalberts, George J. Siedel.
250 ## - EDITION STATEMENT
Edition statement 7th ed.
260 ## - PUBLICATION, DISTRIBUTION, ETC. (IMPRINT)
Place of publication, distribution, etc Mason, OH :
Name of publisher, distributor, etc South-Western Cengage Learning
Date of publication, distribution, etc 2008.
300 ## - PHYSICAL DESCRIPTION
Extent xxx, 672 p. :
Other physical details ill. forms ;
Dimensions 26 cm.
490 0# - SERIES STATEMENT
Series statement South-Western legal studies in business ; Academic series
500 ## - GENERAL NOTE
General note Authors named are reversed on earlier edition.
650 #0 - SUBJECT ADDED ENTRY--TOPICAL TERM
Topical term or geographic name as entry element Vendors and purchasers
Geographic subdivision United States.
Topical term or geographic name as entry element Real property
Geographic subdivision United States.
700 1# - ADDED ENTRY--PERSONAL NAME
Personal name Siedel, George J.
856 42 - ELECTRONIC LOCATION AND ACCESS
Materials specified Contributor biographical information
Uniform Resource Identifier <a href="http://www.loc.gov/catdir/enhancements/fy1104/2007941576-b.html">http://www.loc.gov/catdir/enhancements/fy1104/2007941576-b.html</a>
Materials specified Publisher description
Uniform Resource Identifier <a href="http://www.loc.gov/catdir/enhancements/fy1104/2007941576-d.html">http://www.loc.gov/catdir/enhancements/fy1104/2007941576-d.html</a>
Materials specified Table of contents only
Uniform Resource Identifier <a href="http://www.loc.gov/catdir/enhancements/fy1104/2007941576-t.html">http://www.loc.gov/catdir/enhancements/fy1104/2007941576-t.html</a>
906 ## - LOCAL DATA ELEMENT F, LDF (RLIN)
a 7
b cbc
c copycat
d 2
e epcn
f 20
g y-gencatlg
942 ## - ADDED ENTRY ELEMENTS (KOHA)
Source of classification or shelving scheme Library of Congress Classification
Koha item type Long Loan Books
Holdings
Withdrawn status Lost status Source of classification or shelving scheme Damaged status Not for loan Collection code Home library Current library Shelving location Date acquired Total Checkouts Full call number Barcode Date last seen Price effective from Koha item type
    Library of Congress Classification     Non-fiction Rongo University Library Rongo University Library General Stacks 11/11/2015   KF665 .S53 2008 20157412 11/11/2015 11/11/2015 Long Loan Books

© 2026 Rongo University
Contact us: librarian | system librarian | Rongo university